Introduction to Electrical and Electronics Engineering : Electronics Group A and B_KTU 2024 Scheme (Record no. 38078)

MARC details
000 -LEADER
fixed length control field 00589nam a22001697a 4500
082 ## - DEWEY DECIMAL CLASSIFICATION NUMBER
Classification number 621.381 NAV
100 ## - MAIN ENTRY--AUTHOR NAME
Personal name Navas K A
100 ## - MAIN ENTRY--AUTHOR NAME
Personal name Suhail T A
100 ## - MAIN ENTRY--AUTHOR NAME
Personal name Abhiraj T K
245 ## - TITLE STATEMENT
Title Introduction to Electrical and Electronics Engineering : Electronics Group A and B_KTU 2024 Scheme
250 ## - EDITION STATEMENT
Edition statement 1
260 ## - PUBLICATION, DISTRIBUTION, ETC. (IMPRINT)
Name of publisher Ilahia Publishers
Place of publication Ilahia College of Engineering & Technology;Mulavoor PO;Muvattupuzha
Year of publication 2024
300 ## - PHYSICAL DESCRIPTION
Number of Pages 248 Pages
Other physical details Item Weight ‏ : ‎ 300 g Dimensions ‏ : ‎ 21.5 x 14 x 1.3 cm
650 ## - SUBJECT ADDED ENTRY--TOPICAL TERM
Topical Term ECE
942 ## - ADDED ENTRY ELEMENTS (KOHA)
Koha item type Text Book
952 ## - LOCATION AND ITEM INFORMATION (KOHA)
Damaged status
Not for loan
952 ## - LOCATION AND ITEM INFORMATION (KOHA)
Damaged status
Not for loan
952 ## - LOCATION AND ITEM INFORMATION (KOHA)
Damaged status
Not for loan
952 ## - LOCATION AND ITEM INFORMATION (KOHA)
Damaged status
Not for loan
952 ## - LOCATION AND ITEM INFORMATION (KOHA)
Damaged status
Not for loan
952 ## - LOCATION AND ITEM INFORMATION (KOHA)
Damaged status
Not for loan
952 ## - LOCATION AND ITEM INFORMATION (KOHA)
Damaged status
Not for loan
952 ## - LOCATION AND ITEM INFORMATION (KOHA)
Damaged status
Not for loan
952 ## - LOCATION AND ITEM INFORMATION (KOHA)
Damaged status
Not for loan
952 ## - LOCATION AND ITEM INFORMATION (KOHA)
Damaged status
Not for loan
952 ## - LOCATION AND ITEM INFORMATION (KOHA)
Damaged status
Not for loan
952 ## - LOCATION AND ITEM INFORMATION (KOHA)
Damaged status
Not for loan
952 ## - LOCATION AND ITEM INFORMATION (KOHA)
Damaged status
Not for loan
952 ## - LOCATION AND ITEM INFORMATION (KOHA)
Damaged status
Not for loan
952 ## - LOCATION AND ITEM INFORMATION (KOHA)
Damaged status
Not for loan
952 ## - LOCATION AND ITEM INFORMATION (KOHA)
Damaged status
Not for loan
952 ## - LOCATION AND ITEM INFORMATION (KOHA)
Damaged status
Not for loan
952 ## - LOCATION AND ITEM INFORMATION (KOHA)
Damaged status
Not for loan
952 ## - LOCATION AND ITEM INFORMATION (KOHA)
Damaged status
Not for loan
952 ## - LOCATION AND ITEM INFORMATION (KOHA)
Damaged status
Not for loan
Holdings
Withdrawn status Collection code Permanent Location Current Location Shelving location Date acquired Source of acquisition Cost, normal purchase price Inventory number Full call number Accession Number Price effective from Koha item type
  Electronics and Communication Engineering VAST Central Library VAST Central Library S-51/EC 26/11/2025 Minerva Books 210.00 89 621.381 NAV 38194 02/12/2025 Text Book
  Electronics and Communication Engineering VAST Central Library VAST Central Library S-51/EC 26/11/2025 Minerva Books 210.00 89 621.381 NAV 38195 02/12/2025 Text Book
  Electronics and Communication Engineering VAST Central Library VAST Central Library S-51/EC 26/11/2025 Minerva Books 210.00 89 621.381 NAV 38196 02/12/2025 Text Book
  Electronics and Communication Engineering VAST Central Library VAST Central Library S-51/EC 26/11/2025 Minerva Books 210.00 89 621.381 NAV 38197 02/12/2025 Text Book
  Electronics and Communication Engineering VAST Central Library VAST Central Library S-51/EC 26/11/2025 Minerva Books 210.00 89 621.381 NAV 38198 02/12/2025 Text Book
  Electronics and Communication Engineering VAST Central Library VAST Central Library S-51/EC 26/11/2025 Minerva Books 210.00 89 621.381 NAV 38199 02/12/2025 Text Book
  Electronics and Communication Engineering VAST Central Library VAST Central Library S-51/EC 26/11/2025 Minerva Books 210.00 89 621.381 NAV 38200 02/12/2025 Text Book
  Electronics and Communication Engineering VAST Central Library VAST Central Library S-51/EC 26/11/2025 Minerva Books 210.00 89 621.381 NAV 38201 02/12/2025 Text Book
  Electronics and Communication Engineering VAST Central Library VAST Central Library S-51/EC 26/11/2025 Minerva Books 210.00 89 621.381 NAV 38202 02/12/2025 Text Book
  Electronics and Communication Engineering VAST Central Library VAST Central Library S-51/EC 26/11/2025 Minerva Books 210.00 89 621.381 NAV 38203 02/12/2025 Text Book
  Electronics and Communication Engineering VAST Central Library VAST Central Library S-51/EC 26/11/2025 Minerva Books 210.00 89 621.381 NAV 38204 02/12/2025 Text Book
  Electronics and Communication Engineering VAST Central Library VAST Central Library S-51/EC 26/11/2025 Minerva Books 210.00 89 621.381 NAV 38205 02/12/2025 Text Book
  Electronics and Communication Engineering VAST Central Library VAST Central Library S-51/EC 26/11/2025 Minerva Books 210.00 89 621.381 NAV 38206 02/12/2025 Text Book
  Electronics and Communication Engineering VAST Central Library VAST Central Library S-51/EC 26/11/2025 Minerva Books 210.00 89 621.381 NAV 38207 02/12/2025 Text Book
  Electronics and Communication Engineering VAST Central Library VAST Central Library S-51/EC 26/11/2025 Minerva Books 210.00 89 621.381 NAV 38208 02/12/2025 Text Book
  Electronics and Communication Engineering VAST Central Library VAST Central Library S-51/EC 26/11/2025 Minerva Books 210.00 89 621.381 NAV 38209 02/12/2025 Text Book
  Electronics and Communication Engineering VAST Central Library VAST Central Library S-51/EC 26/11/2025 Minerva Books 210.00 89 621.381 NAV 38210 02/12/2025 Text Book
  Electronics and Communication Engineering VAST Central Library VAST Central Library S-51/EC 26/11/2025 Minerva Books 210.00 89 621.381 NAV 38211 02/12/2025 Text Book
  Electronics and Communication Engineering VAST Central Library VAST Central Library S-51/EC 26/11/2025 Minerva Books 210.00 89 621.381 NAV 38212 02/12/2025 Text Book
  Electronics and Communication Engineering VAST Central Library VAST Central Library S-51/EC 26/11/2025 Minerva Books 210.00 89 621.381 NAV 38213 02/12/2025 Text Book